Statistical tolerance regions : classical and Bayesian /

Guardado en:
Autor Principal: Guttman, Irwin.
Formato: Libro
Idioma:English
Publicado: Darien, Conn. : Hafner, 1970.
Series:Griffin's statistical monographs & courses ; no. 26
Etiquetas: Agregar Etiqueta
Sin Etiquetas, Sea el primero en etiquetar este registro!
LEADER 00628cam a22001815a 4500
001 MAT.inmabb002375
008 710505s1970####ctu######b####000#0#eng#d
005 20130423153605.0
245 1 0 |a Statistical tolerance regions :  |b classical and Bayesian /  |c Irwin Guttman. 
260 |a Darien, Conn. :  |b Hafner,  |c 1970. 
300 |a ix, 150 p. ;  |c 22 cm. 
440 0 |a Griffin's statistical monographs & courses ;  |v no. 26 
504 |a Bibliografía: p. 118-120, p. 149-150. 
510 4 |a MR,  |c 47 #6020 
100 1 |a Guttman, Irwin. 
084 |a 62F25 (62C10 62F15 62G30)  |2 msc2000 
010 |a  76023220  
859 |h 62  |i G985  |p A-4050  |b BIB. MATEMATICA